| 000 | 00815cam a22001811 4500 | ||
|---|---|---|---|
| 001 | 000016355 | ||
| 005 | 20200929164403.0 | ||
| 008 | 790227m19591960mx 000 0 spa | ||
| 040 |
_aDO-SdBNP _bspa _cBNPHU |
||
| 082 |
_axxxx _bD722 |
||
| 245 | 0 | 4 |
_aProsistas de la colonia : _bsiglos XVII y XVIII :. / _cEstudio y selecciones de Miguel Sánchez Astudillo S. J. |
| 260 |
_aPuebla, Mexico, : _bJ. M. Cajica, Jr. : _bSecretaría General de la Undécima Conferencia Interamericana Quito, Ecuador, _c1959. |
||
| 300 |
_a611 p. ; _c22 cm. |
||
| 490 | 1 |
_aBiblioteca ecuatoriana mínima. _aLa colonia y la república |
|
| 504 | _aIncluye referencias bibliográficas y notas al pie de las páginas | ||
| 700 | 1 |
_aSánchez Astudillo, Miguel _936476 |
|
| 830 | 0 |
_aBiblioteca ecuatoriana mínima. _pLa colonia y la república _93109 |
|
| 999 |
_c15890 _d15890 |
||